000 00657nam a2200217 i 4500
001 38152
003 ES-MaACL
005 20230906155716.0
007 t|
008 030224s1967 sp ||||1| cat d
100 1 _aCabestany i Fort, Joan-F.
_933188
245 1 0 _aExpansió catalana por la Mediterrània /
_cJoan F. Cabestany.
250 _a[1ª ed.].
260 _aBarcelona, etc. :
_bBruguera,
_c[1967]
300 _a108 p. ;
_c18 cm.
490 1 _aQuaderns de Cultura ;
_v24
651 4 _aCataluña-
_xHistoria-
_yS.V-XV.
_9157495
830 0 _aQuaderns de Cultura ;
_v24
_9181826
852 _aES-MaACL
_jC-31995
_bR.62622
999 _c38152
_d38152